10 Things Leah Kate [Strongly Dislikes] About You - Statistics

General Stats
  • This quiz has been taken 11 times
    10 since last reset
  • The average score is 8 of 10
Answer Stats
Number Thing % Correct
9. You're {jaded}.
100%
10. You're {selfish}.
100%
1. You made her {love} you.
80%
4. She can't {trust} you.
70%
6. She has to {fake} it.
70%
2. Two {years} she can't undo.
70%
3. You have {mommy} issues.
70%
8. You're the {dumb}est guy she's dated.
70%
5. You're {toxic}.
70%
7. You talk a {big} {game}.
70%
No matching quizzes found
Score Distribution
Percent of People with Each Score
Percentile by Number Answered
Your Score History
You have not taken this quiz since the last reset